Microsoft Word 2000 CZ Na první pokus : Lehce najít správné odpovědi. Z angl.orig.

Salvato in:
Dettagli Bibliografici
Autori principali: Joyce, Jerry (Autore), Moon, Marianne (Autore)
Natura: Libro
Lingua:ceco
Pubblicazione: Praha : Computer Press, 1999
Edizione:1. vyd.
Serie:Kancelář
Soggetti:
Tags: Aggiungi Tag
Nessun Tag, puoi essere il primo ad aggiungerne!!

MARC

LEADER 00000nam a22000003a 4500
001 stu54261
005 20150617225700.2
008 000614s1999----xr------------------cze-d
020 |a 80-226-200-9 
040 |a STU  |b slo 
041 0 |a cze 
044 |a xr 
080 |a 681.3.06 
100 1 |a Joyce, Jerry  |4 aut 
245 1 |a Microsoft Word 2000 CZ Na první pokus :  |b Lehce najít správné odpovědi. Z angl.orig. 
250 |a 1. vyd. 
260 |a Praha :  |b Computer Press,  |c 1999 
300 |a 326 s. Tab.,index 
650 7 |a Word 2000-programy počítačové  |2 stusub 
700 1 |a Moon, Marianne  |4 aut 
830 0 |a Kancelář 
996 |b 284M056994  |c M*11178-1  |l MMKN  |s A  |a 24  |w stu54261_0001 
996 |b CB2346  |c C*B2346  |l CCXVIII  |s P  |a 0  |w stu54261_0002 
996 |b C96326  |c C*96326  |l CCXIII  |s P  |a 0  |w stu54261_0003